000 00724nas a2200253 454500
001 IICA0600355
003 BR-BrBNA
005 20260323111514.0
007 ta
008 260323b bl.|||p| |||| 00| 00por d
040 _aBR-BrBNA
_bpor
_cBiblioteca Nacional de Agricultura
041 _a(En)
072 _aH20
100 1 _aSkeeti, S.
245 1 _aPapaya bunchy top disease in Barbados
_bcoping by understanding
300 _ano.20, p. 7-8
650 _aMAMAO
650 _aCARICA PAPAYA
650 _aDOENCA DE PLANTA
650 _aVIRUS
773 0 _tTROPICAL FRUITS NEWSLETTER (IICA)
_X0534-5391
_g(Sept 1996), n. 20, p. 7-8
_wIICA0600355
909 _a202603
_bLúcia
_c55
_dLúcia Elande
942 _2IICA
_n0
_cANA
999 _c340606
_d340606